Dune: The Butlerian Jihad.

Zapisane w:
Opis bibliograficzny
Główni autorzy: Herbert, Brian (Autor), Anderson, Kevin J (Autor)
Format: Książka
Wydane: New York, USA: Tor, 2002.
Wydanie:First edition.
Seria:The Dune Series
Hasła przedmiotowe:
Etykiety: Dodaj etykietę
Nie ma etykietki, Dołącz pierwszą etykiete!

MARC

LEADER 00000cam a2200000 a 4500
001 UCF1652
003 CL-VaPUC
005 20241203143850.0
008 241121t2002 ||||| |||| 00| 0 eng d
999 |c 445865  |d 445863 
020 |a 978-0-7653-4077-1 
040 |c Pontificia Universidad Católica de Valparaíso 
082 0 4 |a 813 HER 2010  |2 21 
100 |a Herbert, Brian  |e author  |9 563143 
245 1 0 |a Dune: The Butlerian Jihad. 
250 |a First edition. 
260 |a New York, USA:  |b Tor,  |c 2002. 
300 |a 695 páginas. 
490 0 |a The Dune Series 
500 |a c.1 Donación Prof. Cristian Atala. Memo Curauma 07-11-2024 
583 |a last modification  |c 20120723 10:17:00  |k Catalogador Asistente 
650 0 |a Novelas estadounidenses  |9 265217 
650 0 |a Literatura estadounidense  |9 317168 
650 0 |a Novelas de ciencia ficción  |2 CL-VaPUC  |9 320228 
700 0 |a Anderson, Kevin J  |9 563133  |e author 
942 |c BK  |2 ddc 
952 |0 0  |1 0  |2 ddc  |4 0  |6 813_000000000000000_HER_2010  |7 0  |8 A  |9 598178  |a BIBCUR  |b BIBCUR  |d 2024-11-21  |e Donación  |i 5663359  |l 4  |o 813 HER 2010  |p 5663359  |r 2025-04-22  |s 2025-03-18  |t 1  |w 2024-11-21  |y BK  |k CAC